Greek Logo Quiz Sudden Death - Statistics

General Stats
  • This quiz has been taken 17 times
  • The average score is 2 of 6
Answers on the Grid
Answers color-coded by a green-red scale on the quiz's grid according to % correct below.
Find the Greek Logo
Find the Greek Logo 2
Find the Greek Movie
Find the Greek Movie 2
Andreas S.
Tzanoudakis G.
Star
Star 2
Kidcare
Battery
Watch Letter Quiz
WLQ2
 
Answer Stats
Answer % Correct
Find the Greek Logo
82%
Star
27%
Find the Greek Movie
18%
Andreas S.
9%
Kidcare
9%
Watch Letter Quiz
9%
No matching quizzes found
Score Distribution
Percent of People with Each Score
Percentile by Number Answered
Your Score History
You have not taken this quiz